[Event "BL 2324 (Women)"]
[Site "Germany"]
[Date "2024.01.20"]
[Round "5.2"]
[White "Falke, Ornella"]
[Black "Schmidt, Jessica"]
[Result "1/2-1/2"]
[WhiteElo "1990"]
[BlackElo "2202"]
[PlyCount "113"]
[EventDate "2023.10.14"]
[EventType "team-tourn"]
[EventRounds "11"]
[EventCountry "GER"]
[SourceTitle "CBM 220 Extra"]
[Source "ChessBase"]
[SourceDate "2024.07.31"]
[SourceVersion "1"]
[SourceVersionDate "2024.07.31"]
[SourceQuality "1"]
[WhiteTeam "Kiel Doppelbauer (W)"]
[BlackTeam "Karlsruhe (W)"]
[WhiteTeamCountry "GER"]
[BlackTeamCountry "GER"]

1. d4 f5 2. Bg5 Nf6 3. Nf3 e6 4. Nc3 Be7 5. Qd3 d5 6. Ne5 0-0 7. 0-0-0 Nbd7 8. f3 Nxe5 9. dxe5 Nd7 10. Bxe7 Qxe7 11. f4 a6 12. e3 Rb8 13. g4 g6 14. gxf5 gxf5 15. Be2 Kh8 16. Rdg1 b5 17. Bf3 Bb7 18. Ne2 Rg8 19. Ng3 Rg6 20. Qf1 Qh4 21. Rg2 Rbg8 22. Rhg1 Qe7 23. Bh5 R6g7 24. Bf3 Rg6 25. Qf2 c5 26. h4 h6 27. h5 R6g7 28. Ne2 Rxg2 29. Rxg2 Nf8 30. b3 b4 31. c4 bxc3 32. Nxc3 c4 33. bxc4 Rxg2 34. Qxg2 Qb4 35. Qb2 Qxc4 36. Be2 Qc5 37. Kc2 Qc7 38. Qb4 Kg8 39. Kb3 Kf7 40. Na4 Nd7 41. a3 Ke8 42. Qc3 Bc6 43. Nb2 Qb6+ 44. Kc2 a5 45. Qd4 Nc5 46. Qc3 Kd7 47. Bf3 Na4 48. Nxa4 Bxa4+ 49. Kd2 Bb3 50. Be2 Ba4 51. Qd4 Qxd4+ 52. exd4 Kc7 53. Ba6 Bd7 54. Kc3 Kb6 55. Be2 Ba4 56. Bf3 Bc6 57. Bd1 1/2-1/2

[Event "BL 2324 (Women)"]
[Site "Germany"]
[Date "2023.12.09"]
[Round "3.2"]
[White "Schmidt, Jessica"]
[Black "Sieber, Fiona"]
[Result "1-0"]
[WhiteElo "2202"]
[BlackElo "2305"]
[PlyCount "119"]
[EventDate "2023.10.14"]
[EventType "team-tourn"]
[EventRounds "11"]
[EventCountry "GER"]
[SourceTitle "CBM 220 Extra"]
[Source "ChessBase"]
[SourceDate "2024.07.31"]
[SourceVersion "1"]
[SourceVersionDate "2024.07.31"]
[SourceQuality "1"]
[WhiteTeam "Karlsruhe (W)"]
[BlackTeam "Rodewisch (W)"]
[WhiteTeamCountry "GER"]
[BlackTeamCountry "GER"]

1. d4 Nf6 2. Nf3 e6 3. c4 b6 4. Nc3 Bb4 5. Bd2 0-0 6. Rc1 d5 7. e3 Be7 8. Bd3 dxc4 9. Bxc4 Bb7 10. 0-0 c5 11. dxc5 Bxc5 12. Qe2 Nbd7 13. e4 Ng4 14. Bg5 Be7 15. Bf4 e5 16. Bg3 Bd6 17. Rfd1 Bc7 18. Bb5 Ngf6 19. Bh4 Qc8 20. Nd5 Bxd5 21. exd5 a6 22. Bc6 Ra7 23. d6 Bd8 24. Nxe5 Nxe5 25. Qxe5 Nd7 26. Qd4 Nc5 27. Bd5 Bxh4 28. Qxh4 Qd7 29. b4 Ne6 30. Bc6 Qd8 31. Qe4 h6 32. Qe3 Qb8 33. f4 Nd8 34. f5 b5 35. f6 Nxc6 36. Rxc6 Rd7 37. fxg7 Kxg7 38. Qd4+ Kh7 39. Qe4+ f5 40. Qd5 Qa7+ 41. Qc5 Rff7 42. h3 Qb7 43. Kh2 Kg6 44. Rd3 f4 45. Qd5 Rf6 46. Qc5 Rf5 47. Rd5 Rff7 48. Re5 Kg7 49. Re6 f3 50. Qe5+ Kh7 51. Qh5 Kg8 52. Qg6+ Kf8 53. Qxh6+ Rg7 54. Qf6+ Kg8 55. Re8+ Kh7 56. Qh4+ Kg6 57. Qe4+ Kh6 58. Re6+ Kh5 59. Rc5+ Rg5 60. Qg4# 1-0

[Event "BL2 Sued 2223 (Women)"]
[Site "Germany"]
[Date "2023.03.11"]
[Round "6.2"]
[White "Schmidt, Jessica"]
[Black "Bardorz, Jana"]
[Result "1/2-1/2"]
[WhiteElo "2215"]
[BlackElo "2034"]
[PlyCount "59"]
[EventDate "2022.10.15"]
[EventType "team-tourn"]
[EventRounds "7"]
[EventCountry "GER"]
[SourceTitle "EXT 2025"]
[Source "ChessBase"]
[SourceDate "2024.10.14"]
[SourceVersion "1"]
[SourceVersionDate "2024.10.14"]
[SourceQuality "1"]
[WhiteTeam "Karlsruhe (W)"]
[BlackTeam "Bayern Muenchen (W)"]
[WhiteTeamCountry "GER"]
[BlackTeamCountry "GER"]

1. d4 d5 2. Nf3 Nf6 3. Bf4 e6 4. e3 Bd6 5. Bg3 0-0 6. Nbd2 c5 7. c3 Qc7 8. Ne5 Nbd7 9. f4 Ne4 10. Nxe4 dxe4 11. Nc4 f5 12. d5 Nf6 13. dxe6 Be7 14. a4 Bxe6 15. Be2 Ne8 16. 0-0 Rd8 17. Qc2 Nd6 18. Nxd6 Rxd6 19. c4 Bf6 20. Rab1 Rfd8 21. Be1 a5 22. g4 g6 23. gxf5 gxf5 24. Kh1 b6 25. Rg1+ Kh8 26. Bc3 Qf7 27. b3 Bc8 28. Rbd1 Rxd1 29. Bxd1 Rg8 30. Rxg8+ 1/2-1/2

[Event "BL 1920 (Women)"]
[Site "Germany"]
[Date "2021.09.03"]
[Round "9.1"]
[White "Kosteniuk, Alexandra"]
[Black "Schmidt, Jessica"]
[Result "1-0"]
[WhiteElo "2495"]
[BlackElo "2239"]
[PlyCount "75"]
[EventDate "2019.09.14"]
[EventType "team-tourn"]
[EventRounds "11"]
[EventCountry "GER"]
[SourceTitle "EXT 2022"]
[Source "ChessBase"]
[SourceDate "2021.10.06"]
[SourceVersion "1"]
[SourceVersionDate "2021.10.06"]
[SourceQuality "1"]
[WhiteTeam "Baden-Baden (W)"]
[BlackTeam "Karlsruhe (W)"]
[WhiteTeamCountry "GER"]
[BlackTeamCountry "GER"]

1. e4 d5 2. exd5 Qxd5 3. Nc3 Qa5 4. d4 Nf6 5. Nf3 Bg4 6. h3 Bxf3 7. Qxf3 c6 8. Bd2 e6 9. Ne4 Qd8 10. Nxf6+ Qxf6 11. Qb3 b6 12. 0-0-0 Bd6 13. Qe3 Qe7 14. Qe4 0-0 15. Bd3 f5 16. Qf3 Nd7 17. Qxc6 Nf6 18. Rhe1 Rac8 19. Qf3 Qd7 20. Qe2 Rfe8 21. Kb1 Qc7 22. g4 f4 23. g5 Nd5 24. Qe4 g6 25. h4 Qf7 26. h5 gxh5 27. Qf3 Ne7 28. Rh1 Nf5 29. Rxh5 Bf8 30. Rdh1 Bg7 31. Rxh7 Qg6 32. Qh3 Qxg5 33. Qh2 Qf6 34. c3 Nxd4 35. cxd4 Qxd4 36. Rxg7+ Kxg7 37. Qh7+ Kf8 38. Rg1 1-0

[Event "BL 1920 (Women)"]
[Site "Germany"]
[Date "2019.12.15"]
[Round "4.2"]
[White "Schmidt, Jessica"]
[Black "Lubbe, Melanie"]
[Result "0-1"]
[WhiteElo "2239"]
[BlackElo "2264"]
[PlyCount "146"]
[EventDate "2019.09.14"]
[EventType "team-tourn"]
[EventRounds "11"]
[EventCountry "GER"]
[SourceTitle "CBM 194 Extra"]
[Source "ChessBase"]
[SourceDate "2020.03.31"]
[SourceVersion "1"]
[SourceVersionDate "2020.03.31"]
[SourceQuality "1"]
[WhiteTeam "Karlsruhe (W)"]
[BlackTeam "Rodewisch (W)"]
[WhiteTeamCountry "GER"]
[BlackTeamCountry "GER"]

1. d4 d6 2. Nf3 g6 3. c3 Nf6 4. Bf4 Bg7 5. h3 0-0 6. e3 b6 7. Be2 Bb7 8. 0-0 Nbd7 9. Nbd2 Re8 10. a4 e5 11. Bh2 e4 12. Ne1 a5 13. Nc2 Nf8 14. Na3 Nd5 15. c4 Nb4 16. Nc2 c5 17. Nb3 Ne6 18. Na3 Qe7 19. Nb5 Rad8 20. d5 Nf8 21. Qd2 Bc8 22. Rae1 Bf5 23. Nc1 h5 24. b3 Nh7 25. Na2 Nxa2 26. Qxa2 Nf6 27. Bf4 Nh7 28. Bh2 Bh6 29. Kh1 Nf6 30. Qc2 Kh7 31. Qd1 Rg8 32. f3 h4 33. Nc3 Rd7 34. fxe4 Nxe4 35. Nxe4 Bxe4 36. Bd3 Re8 37. Bxe4 Qxe4 38. Rf6 Qe7 39. Ref1 Bg5 40. R6f3 f5 41. Bf4 Bxf4 42. Rxf4 Qxe3 43. Rxh4+ Kg7 44. Rhf4 Rde7 45. R4f3 Qg5 46. Qa1+ Kg8 47. Qc3 Re3 48. Rxe3 Rxe3 49. Qc2 Qg3 50. Qd1 Kg7 51. Qa1+ Qe5 52. Qxe5+ dxe5 53. Rb1 Kf6 54. Kg1 e4 55. Kf2 Rc3 56. Rb2 Ke5 57. Ke2 f4 58. Rd2 Rg3 59. Kf1 Kd6 60. Re2 e3 61. Ke1 Ke5 62. Kf1 Rg5 63. Rb2 Rf5 64. Rb1 f3 65. gxf3 Rxf3+ 66. Kg2 Rf2+ 67. Kg3 Ke4 68. h4 Rd2 69. Re1 Rd3 70. Rh1 Rxb3 71. h5 gxh5 72. Rh4+ Kd3 73. d6 e2 0-1

[Event "GER-ch rapid (Women) 45th"]
[Site "Neumarkt in der Oberpfalz"]
[Date "2019.09.22"]
[Round "9"]
[White "Rath, Alina"]
[Black "Schmidt, Jessica"]
[Result "1/2-1/2"]
[WhiteElo "2042"]
[BlackElo "2239"]
[PlyCount "35"]
[EventDate "2019.09.21"]
[EventType "swiss"]
[EventRounds "9"]
[EventCountry "GER"]
[SourceTitle "EXT 2020"]
[Source "ChessBase"]
[SourceDate "2019.10.17"]
[SourceVersion "1"]
[SourceVersionDate "2019.10.17"]
[SourceQuality "1"]

1. c4 c6 2. Nc3 d5 3. d4 Nf6 4. e3 a6 5. Nf3 g6 6. b3 Bg7 7. Bd3 b5 8. Qc2 0-0 9. 0-0 Nbd7 10. Bb2 bxc4 11. bxc4 dxc4 12. Bxc4 c5 13. dxc5 Nxc5 14. Rfd1 Qa5 15. Nd5 Nxd5 16. Bxd5 Rb8 17. Bxg7 Kxg7 18. Rac1 1/2-1/2

[Event "BL 1718 (Women)"]
[Site "Germany"]
[Date "2018.03.24"]
[Round "10.2"]
[White "Atalik, Ekaterina"]
[Black "Schmidt, Jessica"]
[Result "1-0"]
[WhiteElo "2468"]
[BlackElo "2276"]
[PlyCount "99"]
[EventDate "2017.10.01"]
[EventType "team-tourn"]
[EventRounds "11"]
[EventCountry "GER"]
[SourceTitle "EXT 2019"]
[Source "ChessBase"]
[SourceDate "2018.10.10"]
[SourceVersion "1"]
[SourceVersionDate "2018.10.10"]
[SourceQuality "1"]
[WhiteTeam "Schwaebisch Hall (W)"]
[BlackTeam "Karlsruhe (W)"]
[WhiteTeamCountry "GER"]
[BlackTeamCountry "GER"]

1. d4 d5 2. c4 c6 3. Nf3 Nf6 4. Nc3 a6 5. e3 b5 6. b3 Bg4 7. h3 Bxf3 8. gxf3 e6 9. Bd2 Nbd7 10. Be2 Be7 11. 0-0 0-0 12. f4 bxc4 13. bxc4 dxc4 14. Bxc4 c5 15. dxc5 Nxc5 16. Qe2 Nfe4 17. Nxe4 Nxe4 18. Rfd1 Nxd2 19. Rxd2 Qa5 20. Rad1 Rfd8 21. Rxd8+ Rxd8 22. Rxd8+ Bxd8 23. Bxa6 e5 24. f5 g6 25. fxg6 hxg6 26. Bc4 Qc5 27. Qd3 Qb6 28. Qd7 Qf6 29. Bxf7+ Kg7 30. Bc4+ Kh6 31. Qd5 Qg5+ 32. Kf1 Qh4 33. Qe6 Qe4 34. Bd5 Qd3+ 35. Kg2 Qf5 36. Qe8 Qg5+ 37. Kf1 Qf6 38. Be4 Be7 39. a4 Bb4 40. Ke2 Ba5 41. Qb5 Bc7 42. a5 Kg5 43. a6 Bb6 44. f4+ Kh6 45. Qxe5 Qxe5 46. fxe5 Kg7 47. e6 g5 48. Bf5 Kf6 49. Kd3 Ke7 50. e4 1-0

[Event "BL 1718 (Women)"]
[Site "Germany"]
[Date "2017.11.19"]
[Round "3.2"]
[White "Schmidt, Jessica"]
[Black "Kulon, Klaudia"]
[Result "0-1"]
[WhiteElo "2276"]
[BlackElo "2346"]
[PlyCount "94"]
[EventDate "2017.10.01"]
[EventType "team-tourn"]
[EventRounds "11"]
[EventCountry "GER"]
[SourceTitle "EXT 2019"]
[Source "ChessBase"]
[SourceDate "2018.10.10"]
[SourceVersion "1"]
[SourceVersionDate "2018.10.10"]
[SourceQuality "1"]
[WhiteTeam "Karlsruhe (W)"]
[BlackTeam "Leipzig Allianz (W)"]
[WhiteTeamCountry "GER"]
[BlackTeamCountry "GER"]

1. d4 Nf6 2. Nf3 g6 3. Bf4 Bg7 4. e3 b6 5. Be2 Bb7 6. 0-0 d6 7. h3 0-0 8. a4 a6 9. Nbd2 Nbd7 10. Bh2 e6 11. a5 b5 12. c4 bxc4 13. Bxc4 Qe7 14. Qe2 c5 15. Bd3 d5 16. b3 Ne4 17. Rac1 Rfc8 18. Bxe4 dxe4 19. Ne5 cxd4 20. exd4 Nxe5 21. dxe5 Rxc1 22. Rxc1 Qa3 23. Rd1 Qxa5 24. Nxe4 Bxe5 25. Nd6 Bxh2+ 26. Kxh2 Bd5 27. Nc4 Qc7+ 28. Kg1 Rb8 29. Ne3 Bxb3 30. Rb1 Rb5 31. Qd2 h5 32. Rc1 Rc5 33. Rxc5 Qxc5 34. g4 a5 35. gxh5 gxh5 36. f4 a4 37. Qd8+ Kg7 38. Kf2 a3 39. f5 Kh7 40. Qg5 Bd1 41. Qf6 Qa7 42. fxe6 fxe6 43. Qxe6 Bc2 44. Ke2 Bg6 45. Nc4 a2 46. Ne5 Qg7 47. Qxa2 Qxe5+ 0-1

[Event "BL 1718 (Women)"]
[Site "Germany"]
[Date "2017.11.18"]
[Round "2.2"]
[White "Hagarova, Zuzana"]
[Black "Schmidt, Jessica"]
[Result "1/2-1/2"]
[WhiteElo "2309"]
[BlackElo "2276"]
[PlyCount "47"]
[EventDate "2017.10.01"]
[EventType "team-tourn"]
[EventRounds "11"]
[EventCountry "GER"]
[SourceTitle "EXT 2019"]
[Source "ChessBase"]
[SourceDate "2018.10.10"]
[SourceVersion "1"]
[SourceVersionDate "2018.10.10"]
[SourceQuality "1"]
[WhiteTeam "Rodewisch (W)"]
[BlackTeam "Karlsruhe (W)"]
[WhiteTeamCountry "GER"]
[BlackTeamCountry "GER"]

1. Nf3 d5 2. g3 Nf6 3. Bg2 c6 4. 0-0 Bf5 5. d3 h6 6. Nbd2 e6 7. Qe1 Be7 8. e4 Bh7 9. h3 0-0 10. Nh2 dxe4 11. Nxe4 Nxe4 12. dxe4 Nd7 13. Bd2 Qc7 14. Ng4 Nf6 15. Ba5 b6 16. Bc3 Nxg4 17. hxg4 Rad8 18. Bf3 Bc5 19. Kg2 Bd4 20. Rh1 Bg6 21. Rb1 Bxc3 22. Qxc3 c5 23. Rbd1 Rxd1 24. Rxd1 1/2-1/2

[Event "BL 1617 (Women)"]
[Site "Germany"]
[Date "2017.03.25"]
[Round "7.1"]
[White "Sieber, Fiona"]
[Black "Schmidt, Jessica"]
[Result "0-1"]
[WhiteElo "2268"]
[BlackElo "2285"]
[PlyCount "82"]
[EventDate "2016.10.22"]
[EventType "team-tourn"]
[EventRounds "11"]
[EventCountry "GER"]
[SourceTitle "EXT 2018"]
[Source "ChessBase"]
[SourceDate "2017.10.13"]
[SourceVersion "1"]
[SourceVersionDate "2017.10.13"]
[SourceQuality "1"]
[WhiteTeam "Lehrte (W)"]
[BlackTeam "Karlsruhe (W)"]
[WhiteTeamCountry "GER"]
[BlackTeamCountry "GER"]

1. e4 d5 2. exd5 Nf6 3. Nf3 Nxd5 4. d4 Bg4 5. c4 Nb6 6. c5 N6d7 7. Bc4 e6 8. 0-0 Be7 9. Be3 0-0 10. h3 Bh5 11. Nbd2 Nc6 12. Qa4 e5 13. d5 Nd4 14. Nxd4 exd4 15. Bxd4 Nxc5 16. Qc2 Bg6 17. Qc3 Na4 18. Qf3 Nb6 19. Bb3 Re8 20. Rfd1 Bd6 21. Rac1 Qg5 22. Qc3 Bh5 23. Re1 Bf4 24. Be3 Bxe3 25. Rxe3 Nxd5 26. Bxd5 Qxd5 27. Rd3 Qxa2 28. Nb3 Qa6 29. Rd7 Rac8 30. Rxc7 Rxc7 31. Qxc7 b6 32. Qd7 Rf8 33. Nd4 h6 34. Nf5 Qe2 35. Qd4 f6 36. Qd7 Rf7 37. Qd8+ Kh7 38. Rc8 Qe1+ 39. Kh2 Qxf2 40. Qh8+ Kg6 41. Ng3 Bf3 0-1

[Event "BL 1617 (Women)"]
[Site "Germany"]
[Date "2017.01.22"]
[Round "4.2"]
[White "Schmidt, Jessica"]
[Black "Batsiashvili, Nino"]
[Result "1/2-1/2"]
[WhiteElo "2285"]
[BlackElo "2480"]
[PlyCount "74"]
[EventDate "2016.10.22"]
[EventType "team-tourn"]
[EventRounds "11"]
[EventCountry "GER"]
[SourceTitle "EXT 2018"]
[Source "ChessBase"]
[SourceDate "2017.10.13"]
[SourceVersion "1"]
[SourceVersionDate "2017.10.13"]
[SourceQuality "1"]
[WhiteTeam "Karlsruhe (W)"]
[BlackTeam "Schwaebisch Hall (W)"]
[WhiteTeamCountry "GER"]
[BlackTeamCountry "GER"]

1. d4 Nf6 2. Nf3 d5 3. c4 e6 4. e3 b6 5. Be2 Bd6 6. 0-0 0-0 7. Nc3 Bb7 8. b3 Nbd7 9. Bb2 a6 10. a3 Qe7 11. cxd5 exd5 12. b4 Ne4 13. Nxe4 dxe4 14. Nd2 b5 15. a4 bxa4 16. Qxa4 Nb6 17. Qb3 Bxb4 18. Ba3 a5 19. Rfb1 Bd5 20. Qb2 Na4 21. Bxb4 axb4 22. Qxb4 Qxb4 23. Rxb4 Nc3 24. Rxa8 Rxa8 25. Bf1 h5 26. Nb1 Na2 27. Rb2 c6 28. h4 g6 29. Kh2 Nc1 30. Nc3 Nd3 31. Bxd3 exd3 32. Nxd5 cxd5 33. Rd2 Ra3 34. Kg3 Rc3 35. Kf4 Rc2 36. Rxd3 Rxf2+ 37. Kg3 Rf5 1/2-1/2

[Event "BL 1617 (Women)"]
[Site "Germany"]
[Date "2017.01.21"]
[Round "3.2"]
[White "Schleining, Zoya"]
[Black "Schmidt, Jessica"]
[Result "1/2-1/2"]
[WhiteElo "2351"]
[BlackElo "2285"]
[PlyCount "137"]
[EventDate "2016.10.22"]
[EventType "team-tourn"]
[EventRounds "11"]
[EventCountry "GER"]
[SourceTitle "EXT 2018"]
[Source "ChessBase"]
[SourceDate "2017.10.13"]
[SourceVersion "1"]
[SourceVersionDate "2017.10.13"]
[SourceQuality "1"]
[WhiteTeam "Deizisau (W)"]
[BlackTeam "Karlsruhe (W)"]
[WhiteTeamCountry "GER"]
[BlackTeamCountry "GER"]

1. d4 d5 2. c4 c6 3. Nf3 Nf6 4. e3 g6 5. Nc3 a6 6. Bd3 Bg7 7. 0-0 0-0 8. c5 b6 9. cxb6 Nfd7 10. Na4 Nxb6 11. Bd2 N6d7 12. Rc1 e5 13. dxe5 Nxe5 14. Nxe5 Bxe5 15. Bc3 Bxc3 16. Rxc3 Re8 17. Qb3 Be6 18. Qb4 a5 19. Qd4 Qe7 20. Rfc1 Qb4 21. h3 Nd7 22. b3 Qa3 23. R1c2 Rec8 24. e4 Qd6 25. Nc5 Nxc5 26. Rxc5 Qd7 27. Rc1 Qb7 28. Qc3 a4 29. bxa4 d4 30. Qxd4 Rd8 31. Qc3 Rxa4 32. Bc4 Bxc4 33. Rxc4 Rxa2 34. Rxc6 Ra6 35. Qf6 Rxc6 36. Qxd8+ Kg7 37. Qd4+ Kg8 38. Rd1 Rc8 39. e5 Re8 40. Re1 Qc7 41. Qe4 Kg7 42. f4 Qb6+ 43. Kh2 Qe6 44. Re3 Rc8 45. Rf3 Rc4 46. Qd3 Ra4 47. Qb5 Re4 48. Qb2 Qf5 49. e6+ Qf6 50. Qxf6+ Kxf6 51. exf7 Kxf7 52. g4 Kf6 53. Kg3 h5 54. g5+ Kf5 55. h4 Ra4 56. Rb3 Ra5 57. Kf3 Rc5 58. Ra3 Rb5 59. Ke3 Rb6 60. Kf3 Rb5 61. Rc3 Ra5 62. Rd3 Rb5 63. Ke3 Rb6 64. Kf3 Rb5 65. Re3 Rc5 66. Kg3 Ra5 67. Rf3 Rb5 68. Ra3 Rc5 69. Kf3 1/2-1/2

[Event "BL 1516 (Women)"]
[Site "Germany"]
[Date "2016.03.19"]
[Round "10.1"]
[White "Schmidt, Jessica"]
[Black "Gunina, Valentina"]
[Result "0-1"]
[WhiteElo "2297"]
[BlackElo "2529"]
[PlyCount "102"]
[EventDate "2015.09.26"]
[EventType "team-tourn"]
[EventRounds "11"]
[EventCountry "GER"]
[SourceTitle "EXT 2017"]
[Source "ChessBase"]
[SourceDate "2016.10.25"]
[SourceVersion "1"]
[SourceVersionDate "2016.10.25"]
[SourceQuality "1"]
[WhiteTeam "Karlsruhe (W)"]
[BlackTeam "Bad Koenigshofen (W)"]
[WhiteTeamCountry "GER"]
[BlackTeamCountry "GER"]

1. d4 d5 2. c4 c6 3. Nf3 Nf6 4. cxd5 cxd5 5. Nc3 Nc6 6. Bf4 Nh5 7. Bg3 g6 8. e3 Bg7 9. Be2 0-0 10. Qb3 e6 11. Bh4 Qa5 12. 0-0 f5 13. Nd2 Nf6 14. Bg3 a6 15. Qd1 Ne4 16. Ndxe4 dxe4 17. a3 g5 18. Bd6 Rf7 19. Bc5 Qd8 20. Na4 g4 21. Nb6 Rb8 22. Rc1 Rf6 23. Re1 Rh6 24. g3 Bd7 25. b4 Be8 26. a4 Nxb4 27. Bxb4 Qxb6 28. Rb1 Qd8 29. Qb3 Bc6 30. Bc4 Qe8 31. a5 Qh5 32. Kf1 Qxh2 33. Ke2 Qg2 34. Rf1 Rh2 35. Ke1 Kh8 36. Bc5 Rd8 37. Qb6 Re8 38. Bxa6 f4 39. gxf4 g3 40. Be2 gxf2+ 41. Kd2 Bd5 42. Qc7 Rh3 43. Rbc1 Rxe3 44. Kxe3 Qg3+ 45. Kd2 Qb3 46. Rc3 Qb2+ 47. Rc2 e3+ 48. Kxe3 Qxc2 49. Bd3 Qc3 50. Ke2 Qb2+ 51. Ke3 e5 0-1

[Event "BL 1516 (Women)"]
[Site "Germany"]
[Date "2016.02.28"]
[Round "9.2"]
[White "Zschischang, Marine"]
[Black "Schmidt, Jessica"]
[Result "0-1"]
[WhiteElo "2081"]
[BlackElo "2297"]
[PlyCount "104"]
[EventDate "2015.09.26"]
[EventType "team-tourn"]
[EventRounds "11"]
[EventCountry "GER"]
[SourceTitle "EXT 2017"]
[Source "ChessBase"]
[SourceDate "2016.10.25"]
[SourceVersion "1"]
[SourceVersionDate "2016.10.25"]
[SourceQuality "1"]
[WhiteTeam "Lehrte (W)"]
[BlackTeam "Karlsruhe (W)"]
[WhiteTeamCountry "GER"]
[BlackTeamCountry "GER"]

1. c4 c6 2. d4 d5 3. cxd5 cxd5 4. Nc3 Nf6 5. Nf3 Nc6 6. Ne5 g6 7. e3 a6 8. Be2 Bg7 9. h4 Be6 10. f4 h5 11. Bf3 Rc8 12. a3 0-0 13. 0-0 b5 14. g3 Qb6 15. Qe2 Rfd8 16. Rd1 Na5 17. Kh1 Nb3 18. Rb1 Bf5 19. Nd3 Ne4 20. Bxe4 dxe4 21. Nf2 Rc4 22. Kh2 Rdc8 23. Bd2 a5 24. Be1 b4 25. axb4 axb4 26. Nd5 Qb7 27. Nxb4 Rxb4 28. Bxb4 Qxb4 29. Qe1 Qb7 30. Qe2 Rc7 31. Re1 Qc8 32. Qb5 Nd2 33. Ra1 Nf3+ 34. Kg2 Nxe1+ 35. Rxe1 Rc2 36. Re2 Bf6 37. b4 Rxe2 38. Qxe2 Qb7 39. Qb2 Qb5 40. Kg1 e6 41. Qa3 Be7 42. Qa5 Qe2 43. Qa7 Bf8 44. d5 exd5 45. Qd4 Qe1+ 46. Kg2 Bxb4 47. Qxd5 Qxe3 48. g4 hxg4 49. h5 g3 50. Qd8+ Bf8 51. Nh1 Qf3+ 52. Kg1 Bh3 0-1

[Event "BL 1516 (Women)"]
[Site "Germany"]
[Date "2016.02.27"]
[Round "8.2"]
[White "Schmidt, Jessica"]
[Black "Kulovana, Eva"]
[Result "1-0"]
[WhiteElo "2297"]
[BlackElo "2213"]
[PlyCount "137"]
[EventDate "2015.09.26"]
[EventType "team-tourn"]
[EventRounds "11"]
[EventCountry "GER"]
[SourceTitle "EXT 2017"]
[Source "ChessBase"]
[SourceDate "2016.10.25"]
[SourceVersion "1"]
[SourceVersionDate "2016.10.25"]
[SourceQuality "1"]
[WhiteTeam "Karlsruhe (W)"]
[BlackTeam "Grosslehna (W)"]
[WhiteTeamCountry "GER"]
[BlackTeamCountry "GER"]

1. d4 d5 2. c4 c6 3. cxd5 cxd5 4. Nc3 Nf6 5. Nf3 Nc6 6. Bf4 a6 7. e3 Bg4 8. Be2 e6 9. h3 Bxf3 10. Bxf3 Bd6 11. Bg5 h6 12. Bxf6 Qxf6 13. 0-0 0-0 14. Rc1 Rac8 15. Bg4 Rc7 16. f4 g6 17. Na4 Rfc8 18. Nb6 Re8 19. a3 Qd8 20. Na4 Nb8 21. Qd2 Rxc1 22. Rxc1 Re7 23. Be2 Rc7 24. Kf2 Qc8 25. Rxc7 Qxc7 26. Bd3 Nd7 27. b4 Kg7 28. g3 f5 29. Qb2 Be7 30. Nc5 Nxc5 31. bxc5 Bd8 32. Bc2 Kf7 33. Ba4 Kf8 34. Qc2 Kf7 35. Kf3 Kf8 36. Ke2 Kf7 37. Kd3 h5 38. Qb2 Kf8 39. Bd1 Kf7 40. g4 hxg4 41. hxg4 Kg8 42. Bf3 b6 43. gxf5 gxf5 44. Qg2+ Qg7 45. Bxd5 Qxg2 46. Bxg2 bxc5 47. dxc5 Kf7 48. Bb7 a5 49. Bc8 Bc7 50. Kc4 Ke7 51. Kb5 e5 52. fxe5 Bxe5 53. Bxf5 Bc7 54. Kc6 Kd8 55. a4 Bg3 56. Kd5 Bh2 57. e4 Bg3 58. e5 Kc7 59. e6 Bh4 60. Bd3 Bg5 61. Bb5 Be7 62. Bd7 Bf8 63. Kc4 Be7 64. Kb5 Bf8 65. c6 Bb4 66. Ka6 Kd8 67. Kb7 Bd6 68. e7+ Kxe7 69. c7 1-0

[Event "BL 1516 (Women)"]
[Site "Germany"]
[Date "2015.12.06"]
[Round "4.2"]
[White "Schmidt, Jessica"]
[Black "Kashlinskaya, Alina"]
[Result "0-1"]
[WhiteElo "2297"]
[BlackElo "2424"]
[PlyCount "76"]
[EventDate "2015.09.26"]
[EventType "team-tourn"]
[EventRounds "11"]
[EventCountry "GER"]
[SourceTitle "CBM 170 Extra"]
[Source "ChessBase"]
[SourceDate "2016.02.25"]
[SourceVersion "1"]
[SourceVersionDate "2016.02.25"]
[SourceQuality "1"]
[WhiteTeam "Karlsruhe (W)"]
[BlackTeam "Schwaebisch Hall (W)"]
[WhiteTeamCountry "GER"]
[BlackTeamCountry "GER"]

1. d4 Nf6 2. Nf3 c5 3. e3 g6 4. Be2 Bg7 5. 0-0 b6 6. b3 Bb7 7. Bb2 0-0 8. c4 d6 9. Nc3 Nbd7 10. Rc1 a6 11. Ba1 Qc7 12. d5 e5 13. dxe6 fxe6 14. Ng5 Rae8 15. Bf3 Bxf3 16. Nxf3 Qc6 17. Qe2 Ng4 18. Rcd1 Nh6 19. Rd2 Nf5 20. Rfd1 Re7 21. Ng5 Nf6 22. Nf3 Ne8 23. Ng5 Nc7 24. a4 h6 25. Nge4 d5 26. cxd5 exd5 27. Ng3 Nd4 28. Qg4 h5 29. Qh3 Nxb3 30. Nxd5 Nxd5 31. Bxg7 Nxd2 32. Bxf8 Kxf8 33. Rxd2 c4 34. Ne2 c3 35. Rd4 Rf7 36. Qg3 c2 37. Qb8+ Kg7 38. Nc1 Qc3 0-1

[Event "BL2 Sued 1415 (Women)"]
[Site "Germany"]
[Date "2014.09.28"]
[Round "2.1"]
[White "Jussupow, Nadejda"]
[Black "Schmidt, Jessica"]
[Result "0-1"]
[WhiteElo "2147"]
[BlackElo "2276"]
[PlyCount "44"]
[EventDate "2014.09.27"]
[EventType "team-tourn"]
[EventRounds "7"]
[EventCountry "GER"]
[SourceTitle "CBM 166 Extra"]
[Source "ChessBase"]
[SourceDate "2015.06.18"]
[SourceVersion "1"]
[SourceVersionDate "2015.06.18"]
[SourceQuality "1"]
[WhiteTeam "Augsburg (W)"]
[BlackTeam "Karlsruhe (W)"]
[WhiteTeamCountry "GER"]
[BlackTeamCountry "GER"]

1. e4 e5 2. f4 d5 3. exd5 e4 4. Nc3 Nf6 5. d3 Bb4 6. Bd2 e3 7. Bxe3 Nxd5 8. Bd2 Bxc3 9. bxc3 0-0 10. Qf3 Nc6 11. Be2 Re8 12. Kf2 Qd6 13. Rd1 Nce7 14. c4 Nf6 15. h3 Nf5 16. c3 Bd7 17. Kf1 Nh5 18. Be1 Ne3+ 19. Kf2 Nxd1+ 20. Bxd1 Nxf4 21. d4 Bc6 22. d5 Qc5+ 0-1